000 00430nam a2200145 u 4500
001 000020396
005 20240305135410.0
008 100813s1982 000 0 spa d
040 _aDO-SdBNP
_bspa
_cBNPHU
082 _axxx
_bxxxx
100 1 _aGarcía Márquez, Gabriel,
_b1928-2014
_91804
245 1 0 _aLa hojarasca /
_cGabriel García Marquez.
260 _aBarcelona, :
_bBruguera Libro Amigo,
_c1982.
300 _a159 p ;
_c18 cm.
999 _c19900
_d19900